000 00770nam a22002177a 4500
008 160525b xxu||||| |||| 00| 0 eng d
020 _a9712333353
082 _22002
_aDFil 301
_bJ32i
100 _99069
_aJavier, Jessie D.
245 _aIntroductory sociology and anthropology:
_ba pedagogy/
_c Jessie D. Javier, Rodrigo D. Costales and Dionesio C. Rivas.
250 _aFirst Edition
260 _aManila:
_bRex Book Store,
_cc2002.
300 _axiii, 491 pages:
_billustration;
_c23 cm.
500 _aIncludes bibliographical references and index.
650 0 _99070
_aSociology
650 0 _99071
_aAnthropology
700 _99072
_aCostales, Rodrigo D.
_eAuthor
700 _99073
_aRivas, Dionesio C.
_eAuthor
365 _b580.00
_cPhp
942 _2ddc
_cDFIL
999 _c2740
_d2740